| 000 -LEADER |
| fixed length control field |
00775pab a2200157 454500 |
| 008 - FIXED-LENGTH DATA ELEMENTS--GENERAL INFORMATION |
| fixed length control field |
180718b003 xxu||||| |||| 00| 0 eng d |
| 100 ## - MAIN ENTRY--PERSONAL NAME |
| Personal name |
Banerjee, Sumanta |
| 245 ## - TITLE STATEMENT |
| Title |
Reconciliation without justice? |
| 260 ## - PUBLICATION, DISTRIBUTION, ETC. |
| Date of publication, distribution, etc. |
003 |
| 300 ## - PHYSICAL DESCRIPTION |
| Extent |
p.1935-937. |
| 362 ## - DATES OF PUBLICATION AND/OR SEQUENTIAL DESIGNATION |
| Dates of publication and/or sequential designation |
17 May |
| 520 ## - SUMMARY, ETC. |
| Summary, etc. |
The Indo-South African Dialogue on Truth, Reconciliation and Human Rights which brought together academics and human rights activists from South Africa and India in an intimate encounter in Delhi recently raised issues that went beyond the South African experience and echoed the post-Iraq war global concerns about economic hegemony and military unilateralism in a unipolar world system. - Reproduced. |
| 650 ## - SUBJECT ADDED ENTRY--TOPICAL TERM |
| Topical term or geographic name entry element |
Human rights |
| 773 ## - HOST ITEM ENTRY |
| Main entry heading |
Economic and Political Weekly |
| 909 ## - |
| -- |
56358 |